000
00324nas a2200145 a 4500
001
69459
003
143331
005
20201118110646.0
008
||||||n9999 ||| || ||
245
0
_a
Cooperacion Sur - Cooperacion Sur
260
_c
1993.
562
_e
0
773
_0
69456
_a
Cooperacion Sur
942
_c
SISS
999
_c
69459
_d
69459